|
|
|
|
| LEADER |
00000nab a2200000 a 4500 |
| 001 |
vtls000510626 |
| 003 |
SK-MaSNL |
| 005 |
20260304090432.0 |
| 008 |
250425c1993 xo 0 slo |
| 015 |
|
|
|a SNBRB19rr/mm-uuuuu
|
| 035 |
|
|
|a CL0510764
|
| 035 |
|
|
|a urn:nbn:sk:snk-abbo8r
|
| 035 |
|
|
|a (urnnbn)urn:nbn:sk:snk:ar-006lhs
|
| 035 |
|
|
|a (uuid)0c9c7bc4-15e8-463b-a2ad-02463106237d
|
| 040 |
|
|
|a SNKBUCL
|b slo
|c SNKBUCL
|e AACR2
|
| 041 |
0 |
|
|a eng
|
| 044 |
|
|
|a xo
|c SK
|
| 080 |
|
|
|a 519.224:517.52
|2 1981
|
| 080 |
|
|
|a 517.52
|2 1981
|
| 100 |
1 |
|
|a Winkler, Reinhard
|4 aut
|9 1381466
|
| 245 |
1 |
0 |
|a Some remarks on pseudorandom sequences
|c Reinhard Winkler
|
| 300 |
|
|
|b Tab. 1, lit. 53 zázn. v angl., franc., nem.
|
| 650 |
0 |
7 |
|a postupnosti pseudonáhodné
|2 snkbucl
|9 1153773
|
| 650 |
0 |
7 |
|a rozdelenie uniformné
|2 snkbucl
|9 1381134
|
| 655 |
|
7 |
|a články z novín a časopisov
|2 snkbucl
|9 267496
|
| 773 |
0 |
|
|t Mathematica slovaca
|g Roč. 43, č. 4 (1993), s. 493-512
|x 0139-9918
|
| 850 |
|
|
|a Slovenská národná knižnica
|
| 852 |
|
|
|a Slovenská národná knižnica
|
| 958 |
|
|
|a article15
|
| 958 |
|
|
|a OND
|
| 958 |
|
|
|a NB
|
| 958 |
|
|
|a RK
|
| 958 |
|
|
|a AT
|
| 958 |
|
|
|a EUIPO
|
| 992 |
|
|
|a RBX
|
| 999 |
|
|
|c 2811458
|d 2813388
|